00379 2200145 4500001002100000005001500021035002000036245006800056100002700124300001100151260003700162082000800199084001400207990001200221INLIS00000000000310620251001095935 a0010-10250000101 a66 Quotes Tentang Makna Pendidikan /cKomunitas Menulis Buku#580 aKomunitas Menulis Buku a66 hlm aCirebon :bLitera Pustaka,c2022 a330 a330 KOM e a0755520